[Event "Championnat de France - Accession"]
[Site "NANCY"]
[Date "2013.08.18"]
[Round "6.5"]
[White "Navrotescu, Catalin"]
[Black "Roser, Kevin"]
[Result "0-1"]
[WhiteElo "2363"]
[BlackElo "2413"]
[PlyCount "68"]
[EventDate "2013.??.??"]

1. d4 Nf6 2. c4 e6 3. g3 d5 4. Nf3 dxc4 5. Bg2 a6 6. O-O Nc6 7. Nc3 Rb8 8. e4
Be7 9. Qe2 b5 10. Rd1 Nb4 11. d5 exd5 12. e5 O-O 13. exf6 Bxf6 14. Bf4 Bf5 15.
Ne5 d4 16. Ne4 Re8 17. Qh5 g6 18. Nxf6+ Qxf6 19. Ng4 Bxg4 20. Qxg4 Nd3 21. Rxd3
cxd3 22. Bf1 h5 23. Qd1 Rbc8 24. Bh3 g5 25. Bxc8 gxf4 26. Qxh5 d2 27. Kf1 Qc6
28. Qg5+ Kf8 29. Bb7 Qxb7 30. Qh6+ Ke7 31. Ke2 f3+ 32. Kxd2 Kd7 33. Rd1 Re2+
34. Kc1 Qe4 0-1

[Event "Championnat de France - Accession"]
[Site "NANCY"]
[Date "2013.08.18"]
[Round "6.6"]
[White "Dionisi, Thomas"]
[Black "Mullon, Jean-Baptiste"]
[Result "0-1"]
[WhiteElo "2316"]
[BlackElo "2411"]
[PlyCount "104"]
[EventDate "2013.??.??"]

1. e4 e6 2. d4 d5 3. Nc3 Nf6 4. e5 Nfd7 5. Nce2 c5 6. c3 b5 7. a3 b4 8. axb4
cxb4 9. Nf4 a5 10. Qg4 Qb6 11. Nf3 Nc6 12. Bd3 Ba6 13. O-O Bxd3 14. Nxd3 b3 15.
Re1 Ne7 16. Nf4 a4 17. c4 dxc4 18. d5 Nxd5 19. Nxd5 exd5 20. e6 Nf6 21. Qf5 Bc5
22. exf7+ Kxf7 23. Re6 Qb7 24. Ne5+ Kg8 25. Rxf6 Re8 26. Re6 Rf8 27. Qh3 a3 28.
Be3 axb2 29. Re1 Bb4 30. Rf1 Qc8 31. Nc6 Qb7 32. Bd4 Ba3 33. Qg3 Qf7 34. Re2
Qg6 35. Bxb2 Qxg3 36. hxg3 Bxb2 37. Rxb2 Kf7 38. Rd1 Rc8 39. Nb4 Rhd8 40. Nxd5
Rc5 41. Nc3 Rxd1+ 42. Nxd1 c3 43. Nxc3 Rxc3 44. Kh2 Ke6 45. f4 Kd5 46. Re2 Rc7
47. g4 Rb7 48. Rb2 Kd4 49. g5 Kc3 50. Rb1 Kc2 51. Rf1 b2 52. f5 b1=Q 0-1

[Event "Championnat de France - Accession"]
[Site "NANCY"]
[Date "2013.08.18"]
[Round "6.7"]
[White "Brailly-Vignal, Bastien"]
[Black "Lazarev, Vladimir"]
[Result "0-1"]
[WhiteElo "2300"]
[BlackElo "2410"]
[PlyCount "90"]
[EventDate "2013.??.??"]

1. d4 Nf6 2. c4 e6 3. Nc3 Bb4 4. Qc2 d6 5. Nf3 Nbd7 6. Bd2 c6 7. a3 Ba5 8. Bg5
h6 9. Bh4 Qe7 10. e3 e5 11. b4 Bc7 12. d5 a5 13. b5 cxb5 14. Nxb5 Bd8 15. Nd2
Nc5 16. Bd3 O-O 17. O-O a4 18. Bf5 Ba5 19. Nf3 Ra6 20. Rab1 Re8 21. Bh7+ Kh8
22. Bf5 Bxf5 23. Qxf5 Qd7 24. Qc2 Nfe4 25. Rfd1 f5 26. Bg3 g5 27. Nxd6 Qxd6 28.
Nxe5 Rxe5 29. Bxe5+ Qxe5 30. Rb5 Bc7 31. g3 b6 32. d6 Nxd6 33. Rd5 Qe6 34. Qc3+
Kg8 35. Rb1 Ra8 36. Rbd1 Rf8 37. Qc2 Rf6 38. Qc3 Kf7 39. Qb4 Qe4 40. R1d4 Qc2
41. h3 Kg6 42. f3 Qc1+ 43. Kg2 Qxe3 44. Qb2 Re6 45. Rd2 Nxc4 0-1

[Event "Championnat de France - Accession"]
[Site "NANCY"]
[Date "2013.08.18"]
[Round "6.8"]
[White "Shirazi, Kamran"]
[Black "Barbot, Pierre"]
[Result "0-1"]
[WhiteElo "2406"]
[BlackElo "2360"]
[PlyCount "92"]
[EventDate "2013.??.??"]

1. e4 c5 2. Nf3 Nc6 3. d4 cxd4 4. Nxd4 Nf6 5. Nc3 d6 6. Bc4 Qb6 7. Nf3 e6 8. a3
a6 9. h3 Be7 10. O-O O-O 11. Qe2 Qc7 12. Ba2 b5 13. Bf4 Bb7 14. Rad1 h6 15. Rd3
b4 16. Nb1 Ne5 17. Re3 Nxf3+ 18. gxf3 a5 19. Rd1 Rfd8 20. Bh2 Qb6 21. a4 d5 22.
Nd2 Bc5 23. Rd3 Ba6 24. Be5 Bxd3 25. cxd3 Bd4 26. f4 dxe4 27. dxe4 Bxe5 28.
fxe5 Nd7 29. Nc4 Qc5 30. Qh5 Nf8 31. Rd6 Rxd6 32. Nxd6 Qc1+ 33. Kg2 Ng6 34. Qg4
Nxe5 35. Qe2 Rd8 36. Qa6 Qd2 37. Qb6 Rd7 38. Nc4 Nxc4 39. Bxc4 Qd4 40. Qc6 Rd6
41. Qa8+ Rd8 42. Qc6 Rb8 43. Bb3 Qb6 44. Qc4 Rd8 45. Qe2 Qc5 46. Qg4 Qg5 0-1

[Event "Championnat de France - Accession"]
[Site "NANCY"]
[Date "2013.08.18"]
[Round "6.9"]
[White "Saada, Julien"]
[Black "Moussard, Jules"]
[Result "0-1"]
[WhiteElo "2321"]
[BlackElo "2442"]
[PlyCount "104"]
[EventDate "2013.??.??"]

1. d4 Nf6 2. c3 g6 3. Bg5 Bg7 4. Nd2 d5 5. e3 O-O 6. Ngf3 Nbd7 7. Bd3 b6 8. O-O
Bb7 9. Qb1 c5 10. a4 Re8 11. a5 e5 12. Bb5 e4 13. a6 Bc8 14. Ne5 Nxe5 15. Bxe8
Qxe8 16. dxe5 Qxe5 17. Bf4 Qe6 18. f3 Bd7 19. fxe4 dxe4 20. Bg5 Bc6 21. Bxf6
Bxf6 22. Qa2 Bd5 23. Qa4 Rd8 24. Nxe4 Bxe4 25. Rxf6 Qxf6 26. Qxe4 Qd6 27. Rf1
Rd7 28. b4 Re7 29. Qc4 Qd2 30. bxc5 Qxe3+ 31. Kh1 Qxc5 32. Qd3 Qe5 33. h3 h5
34. Rd1 Rc7 35. c4 Qf4 36. Qc3 Kh7 37. Rd8 Qf1+ 38. Kh2 Qf4+ 39. Kh1 f6 40. Rd4
Qe5 41. Qd3 Kh6 42. h4 Re7 43. Qd2+ Kg7 44. Rd7 Kf7 45. Rb7 Ke8 46. Qb4 Qe4 47.
Qb5+ Kf8 48. Qb4 Qxh4+ 49. Kg1 Qe1+ 50. Qxe1 Rxe1+ 51. Kf2 Re7 52. Kg3 g5 0-1

[Event "Championnat de France - Accession"]
[Site "NANCY"]
[Date "2013.08.18"]
[Round "6.10"]
[White "Fayard, Alain"]
[Black "Favarel, Antoine"]
[Result "0-1"]
[WhiteElo "2266"]
[BlackElo "2363"]
[PlyCount "120"]
[EventDate "2013.??.??"]

1. d4 Nf6 2. c4 e6 3. Nc3 Bb4 4. e3 O-O 5. Nge2 d5 6. a3 Bd6 7. cxd5 exd5 8.
Ng3 Re8 9. Bd3 Nbd7 10. O-O a6 11. b4 a5 12. Rb1 axb4 13. axb4 c6 14. f3 Nf8
15. Nf5 Bxf5 16. Bxf5 Qe7 17. Qb3 Ne6 18. Bd2 Qc7 19. f4 Bxf4 20. Rxf4 Nxf4 21.
exf4 Qb6 22. Nd1 Qxd4+ 23. Be3 Qc4 24. Bd3 Qxb3 25. Rxb3 Ng4 26. Be2 Nxe3 27.
Rxe3 Rxe3 28. Nxe3 Re8 29. Kf2 Re4 30. Nc2 Rxf4+ 31. Ke3 Re4+ 32. Kd2 Kf8 33.
Bf3 Rc4 34. Be2 Rf4 35. Bf3 Ke7 36. Kc3 Rc4+ 37. Kb3 g6 38. Ne3 Rc1 39. Kb2 Re1
40. Nc2 Rh1 41. h3 Kd6 42. Nd4 f5 43. Kc2 Re1 44. Ne2 Ra1 45. Kb2 Ra8 46. Nc3
Ke5 47. Kc2 h5 48. Kb3 h4 49. Na4 Kd6 50. Nc5 Rb8 51. Kc3 g5 52. Kd4 b6 53. Nd3
c5+ 54. Kc3 Ra8 55. Nc1 Ra3+ 56. Kb2 Re3 57. bxc5+ bxc5 58. Kc2 Ke5 59. Kd2 Ra3
60. Ke2 c4 0-1

[Event "Championnat de France - Accession"]
[Site "NANCY"]
[Date "2013.08.19"]
[Round "7.1"]
[White "Chabanon, Jean-Luc"]
[Black "Lagarde, Maxime"]
[Result "1/2-1/2"]
[WhiteElo "2473"]
[BlackElo "2526"]
[PlyCount "69"]
[EventDate "2013.??.??"]

1. d4 Nf6 2. c4 g6 3. g3 Bg7 4. Bg2 d5 5. cxd5 Nxd5 6. Nf3 Nb6 7. O-O Nc6 8. e3
O-O 9. Nc3 Re8 10. d5 Na5 11. Nd4 Bd7 12. b3 c5 13. dxc6 Nxc6 14. Nxc6 Bxc6 15.
Bxc6 bxc6 16. Bb2 Qc8 17. Qe2 Qe6 18. Rfd1 a5 19. Rac1 Reb8 20. Rd2 h5 21. h4
Rd8 22. Rxd8+ Rxd8 23. Rd1 Rxd1+ 24. Nxd1 Nd5 25. Bxg7 Kxg7 26. Qd2 Qg4 27. Nb2
f6 28. Qxa5 Nxe3 29. Qc5 Nf5 30. Nc4 Qd1+ 31. Kg2 Nxh4+ 32. gxh4 Qg4+ 33. Kf1
Qd1+ 34. Kg2 Qg4+ 35. Kf1 1/2-1/2

[Event "Championnat de France - Accession"]
[Site "NANCY"]
[Date "2013.08.19"]
[Round "7.2"]
[White "Mullon, Jean-Baptiste"]
[Black "Marzolo, Cyril"]
[Result "1/2-1/2"]
[WhiteElo "2411"]
[BlackElo "2449"]
[PlyCount "92"]
[EventDate "2013.??.??"]

1. e4 c5 2. Nf3 d6 3. d4 cxd4 4. Qxd4 a6 5. Be2 Nc6 6. Qe3 g6 7. O-O Bg7 8. c4
Nf6 9. h3 O-O 10. Nc3 Qa5 11. a3 Nd7 12. Rb1 Bxc3 13. bxc3 Qc5 14. Qh6 f6 15.
Rd1 Nce5 16. Nd4 Nf7 17. Qd2 Nb6 18. Qa2 Na4 19. Qc2 Qa5 20. Rd3 e5 21. Nb3 Qc7
22. Rf3 Kg7 23. c5 Nxc5 24. Nxc5 Qxc5 25. Qb3 b5 26. a4 Bd7 27. axb5 axb5 28.
Rd3 Rfb8 29. Be3 Qc7 30. Qd1 Ra6 31. Bg4 Bxg4 32. hxg4 Qc6 33. f3 Ra3 34. Qd2
Rc8 35. Bf2 Qa6 36. Rd5 Raxc3 37. Rdxb5 Rc1+ 38. Rxc1 Rxc1+ 39. Qxc1 Qxb5 40.
Qd2 Qc6 41. Be3 g5 42. Qa2 Qb7 43. Kh2 Nd8 44. Bc1 Qf7 45. Qa8 Qd7 46. Ba3 Nf7
1/2-1/2

[Event "Championnat de France - Accession"]
[Site "NANCY"]
[Date "2013.08.19"]
[Round "7.3"]
[White "Lazarev, Vladimir"]
[Black "Velten, Paul"]
[Result "1-0"]
[WhiteElo "2410"]
[BlackElo "2430"]
[PlyCount "113"]
[EventDate "2013.??.??"]

1. d4 d5 2. c4 dxc4 3. e3 Be6 4. Nf3 c6 5. Qc2 Nf6 6. Bxc4 Bxc4 7. Qxc4 Qd5 8.
Qe2 e6 9. O-O Nbd7 10. Nc3 Qh5 11. e4 Be7 12. Rd1 Bb4 13. Bd2 Bxc3 14. Bxc3 O-O
15. Rac1 Rfd8 16. h3 h6 17. b3 Nf8 18. a4 Ng6 19. Qe3 Rd7 20. Rd2 Rad8 21. Rcc2
Nh7 22. Ne5 Nxe5 23. dxe5 Nf8 24. f4 c5 25. Kh2 b6 26. b4 c4 27. Rxd7 Rxd7 28.
Rd2 Qh4 29. Rd6 Rc7 30. g3 Qe7 31. Qd4 Rc8 32. f5 Qg5 33. Bd2 Qh5 34. g4 Qh4
35. Qe3 Nh7 36. Kg2 c3 37. Bxc3 Qe7 38. Qd3 Qc7 39. Bd2 Nf8 40. Kf3 Qe7 41. Bc3
Qh4 42. Ke2 h5 43. Be1 Qg5 44. Qe3 Qe7 45. gxh5 exf5 46. exf5 Rc2+ 47. Kd1 Ra2
48. h6 Qc7 49. Qc3 Qb7 50. hxg7 Nd7 51. e6 fxe6 52. Rxe6 Qd5+ 53. Kc1 Rd2 54.
Re7 Kh7 55. f6 a5 56. Bxd2 axb4 57. Qc2+ 1-0

[Event "Championnat de France - Accession"]
[Site "NANCY"]
[Date "2013.08.19"]
[Round "7.4"]
[White "Barbot, Pierre"]
[Black "Roser, Kevin"]
[Result "1/2-1/2"]
[WhiteElo "2360"]
[BlackElo "2413"]
[PlyCount "80"]
[EventDate "2013.??.??"]

1. e4 c5 2. Nf3 Nc6 3. d4 cxd4 4. Nxd4 e6 5. Nb5 d6 6. Bf4 e5 7. Be3 a6 8. N5c3
Nf6 9. Bg5 Be7 10. Nd2 Bg4 11. f3 Be6 12. Nc4 Nd4 13. Bd3 Rc8 14. Ne3 O-O 15.
Bxf6 Bxf6 16. Ncd5 Bg5 17. c3 Nc6 18. O-O Kh8 19. Kh1 g6 20. Bc2 Bh6 21. Qe2
Bxe3 22. Nxe3 Qb6 23. Bd3 Ne7 24. Rfd1 Rfd8 25. Rd2 f6 26. Bc4 Bxc4 27. Nxc4
Qc5 28. b3 d5 29. exd5 Rxd5 30. Rad1 Rcd8 31. f4 Rxd2 32. Rxd2 Rxd2 33. Qxd2
Qd5 34. fxe5 fxe5 35. Kg1 b5 36. Qxd5 Nxd5 37. Nxe5 Nxc3 38. a3 Nb1 39. a4 bxa4
40. bxa4 a5 1/2-1/2

[Event "Championnat de France - Accession"]
[Site "NANCY"]
[Date "2013.08.19"]
[Round "7.5"]
[White "Moussard, Jules"]
[Black "Di Nicolantonio, Lucas"]
[Result "0-1"]
[WhiteElo "2442"]
[BlackElo "2310"]
[PlyCount "116"]
[EventDate "2013.??.??"]

1. c4 e6 2. Nf3 d5 3. g3 Nf6 4. Bg2 dxc4 5. Qa4+ Nbd7 6. O-O a6 7. Qxc4 b5 8.
Qc2 Bb7 9. d4 c5 10. Nc3 Rc8 11. dxc5 Bxc5 12. a3 Qb6 13. e3 O-O 14. b4 Bd6 15.
Bb2 Ne5 16. Qe2 Nc4 17. Rac1 Nd7 18. Nb1 Nxb2 19. Qxb2 Be7 20. Nbd2 Bf6 21. Qb1
a5 22. Rfd1 Rxc1 23. Rxc1 g6 24. Nb3 axb4 25. axb4 Be7 26. Na5 Bd5 27. Nd4 Bxg2
28. Kxg2 Ne5 29. Qe4 Bxb4 30. Qxe5 Bxa5 31. Nc6 Qb7 32. f3 Bd8 33. Qd4 Bg5 34.
h4 Bh6 35. h5 Bg7 36. Qd6 gxh5 37. Rh1 Qa8 38. Rxh5 Qa2+ 39. Kh3 Qe2 40. Qf4
Qf1+ 41. Kg4 f5+ 42. Kg5 h6+ 43. Rxh6 Bxh6+ 44. Kxh6 Qh3+ 45. Kg5 Qh7 46. Qe5
Qg7+ 47. Qxg7+ Kxg7 48. Nd4 b4 49. Nxe6+ Kg8 50. Nc5 Re8 51. Kf4 Kf7 52. Nb3
Kf6 53. e4 fxe4 54. fxe4 Rc8 55. Nd4 Rc3 56. e5+ Ke7 57. Ne2 Rc4+ 58. Ke3 b3
0-1

[Event "Championnat de France - Accession"]
[Site "NANCY"]
[Date "2013.08.19"]
[Round "7.6"]
[White "Favarel, Antoine"]
[Black "Migot, Tangi"]
[Result "0-1"]
[WhiteElo "2363"]
[BlackElo "2339"]
[PlyCount "86"]
[EventDate "2013.??.??"]

1. d4 Nf6 2. c4 g6 3. g3 Bg7 4. Bg2 d5 5. cxd5 Nxd5 6. Nf3 Nb6 7. Nc3 Nc6 8. e3
O-O 9. O-O Re8 10. Re1 a5 11. Qe2 Be6 12. Nd2 Nb4 13. Rd1 c6 14. a3 N4d5 15.
Nce4 Qc8 16. Nc5 Bg4 17. Bf3 h5 18. Nd3 a4 19. Ne5 Bxe5 20. dxe5 Qe6 21. Bxg4
hxg4 22. f4 Nc7 23. Ne4 Red8 24. Bd2 Qc4 25. Qxc4 Nxc4 26. Rab1 Rd3 27. Kf2 Nd5
28. Ke2 Rb3 29. Nc5 Nxd2 30. Rxd2 Rxe3+ 31. Kf2 Rf3+ 32. Ke2 Kg7 33. Rg1 b6 34.
Nd3 Rh8 35. h4 e6 36. Nf2 Rb3 37. Nxg4 c5 38. Kf2 c4 39. Rc1 Rc8 40. Rdc2 b5
41. Nh2 c3 42. bxc3 Rcxc3 43. Rxc3 Nxc3 0-1

[Event "Championnat de France - Accession"]
[Site "NANCY"]
[Date "2013.08.19"]
[Round "7.7"]
[White "Dionisi, Thomas"]
[Black "Battaglini, Gabriel"]
[Result "1-0"]
[WhiteElo "2316"]
[BlackElo "2438"]
[PlyCount "97"]
[EventDate "2013.??.??"]

1. e4 e6 2. d4 d5 3. Nc3 Nf6 4. e5 Nfd7 5. Nce2 c5 6. c3 Nc6 7. Nf3 Qb6 8. a3
a5 9. Nf4 Be7 10. h4 a4 11. Be2 g6 12. g3 Ra7 13. Qc2 Na5 14. Be3 Qb3 15. Qc1
Nc4 16. Nd2 Nxd2 17. Qxd2 Nb6 18. dxc5 Nc4 19. Bxc4 Qxc4 20. Qd4 Ra5 21. Qxc4
dxc4 22. Ne2 Bd7 23. O-O-O Bc6 24. Rhe1 h6 25. Nd4 Bd5 26. f4 g5 27. hxg5 hxg5
28. Nf5 gxf4 29. gxf4 Bxc5 30. Bxc5 Rxc5 31. Nd6+ Ke7 32. Rg1 Rc7 33. Rg7 Rf8
34. f5 Rd7 35. f6+ Kd8 36. Nb5 Be4 37. Rd6 Rxd6 38. Nxd6 Bg6 39. Kd2 Kd7 40.
Ke3 Kc6 41. Kf4 Kd5 42. Nb5 Kc5 43. Rxg6 fxg6 44. Nc7 Rf7 45. Nxe6+ Kd5 46. Ng5
Rf8 47. f7 b6 48. e6 Kd6 49. Nh7 1-0

[Event "Championnat de France - Accession"]
[Site "NANCY"]
[Date "2013.08.19"]
[Round "7.8"]
[White "Brailly-Vignal, Bastien"]
[Black "Shirazi, Kamran"]
[Result "1-0"]
[WhiteElo "2300"]
[BlackElo "2406"]
[PlyCount "77"]
[EventDate "2013.??.??"]

1. d4 c5 2. d5 Nf6 3. c4 b5 4. cxb5 a6 5. b6 e6 6. Nc3 exd5 7. Nxd5 Nxd5 8.
Qxd5 Nc6 9. Nf3 Be7 10. Ne5 O-O 11. Nxc6 dxc6 12. Qxd8 Bxd8 13. g3 Be6 14. Bg2
Bd5 15. O-O Bxb6 16. Rd1 Rfe8 17. Be3 Rad8 18. b4 Rxe3 19. fxe3 cxb4 20. Rd3
Bxg2 21. Rxd8+ Bxd8 22. Kxg2 Bf6 23. Rd1 a5 24. Rd6 Kf8 25. Rxc6 a4 26. Rc4 Bc3
27. a3 Ke7 28. axb4 Bb2 29. Rc6 a3 30. Ra6 h5 31. b5 Kd7 32. Kf3 Kc7 33. Kf4 g6
34. Ke4 Kd7 35. Kd5 Kc7 36. e4 f6 37. Ke6 g5 38. Kf5 Kd7 39. h4 1-0

[Event "Championnat de France - Accession"]
[Site "NANCY"]
[Date "2013.08.19"]
[Round "7.9"]
[White "Kirszenberg, Marc"]
[Black "Loiseau, Quentin"]
[Result "1/2-1/2"]
[WhiteElo "2178"]
[BlackElo "2388"]
[PlyCount "85"]
[EventDate "2013.??.??"]

1. d4 Nf6 2. c4 c5 3. d5 e5 4. Nc3 d6 5. e4 Be7 6. g3 h5 7. Bg2 h4 8. f4 Bg4 9.
Qa4+ Bd7 10. Qb3 Na6 11. fxe5 Ng4 12. Nf3 hxg3 13. hxg3 Rxh1+ 14. Bxh1 Nb4 15.
Ke2 dxe5 16. Bd2 a5 17. a4 Ra6 18. Bg2 f6 19. Rh1 Kf7 20. Bh3 Qc8 21. Qd1 Rb6
22. Nb5 Nc6 23. dxc6 bxc6 24. Bxa5 Ra6 25. Nd6+ Bxd6 26. Qxd6 Rxa5 27. b3 Be6
28. Rd1 Ra7 29. Qxc5 Rb7 30. Rd3 Qb8 31. Rd6 Rxb3 32. Rxe6 Re3+ 33. Qxe3 Nxe3
34. Kxe3 Qb3+ 35. Kf2 Qxc4 36. Nd2 Qd3 37. Nf3 Qc2+ 38. Ke3 Qxa4 39. Rd6 Qa3+
40. Rd3 Qc1+ 41. Ke2 Qh1 42. Bf1 Ke7 43. Kf2 1/2-1/2

[Event "Championnat de France - Accession"]
[Site "NANCY"]
[Date "2013.08.19"]
[Round "7.10"]
[White "Ider, Borya"]
[Black "Navrotescu, Catalin"]
[Result "1/2-1/2"]
[WhiteElo "2388"]
[BlackElo "2363"]
[PlyCount "253"]
[EventDate "2013.??.??"]

1. d4 f5 2. g3 Nf6 3. Bg2 g6 4. c3 Bg7 5. Qb3 Nc6 6. Nd2 d5 7. Nh3 O-O 8. Nf4
e6 9. Nf3 b6 10. O-O Ne4 11. Nd3 Na5 12. Qc2 c5 13. Nfe5 cxd4 14. cxd4 Bd7 15.
b3 Rc8 16. Qb2 Bb5 17. Nf4 Qd6 18. Bxe4 fxe4 19. Bd2 Nc6 20. Bc3 a5 21. h4 Qe7
22. Bd2 Rf5 23. Nxc6 Bxc6 24. Ng2 Bb5 25. Rac1 Rff8 26. a4 Ba6 27. b4 Rxc1 28.
Rxc1 Qf6 29. Be3 Bc4 30. bxa5 bxa5 31. Qd2 e5 32. dxe5 Qxe5 33. Qxa5 Bxe2 34.
Bf4 Qe6 35. Rc7 Rf7 36. Qa8+ Bf8 37. Rxf7 Kxf7 38. Qb7+ Kg8 39. Bg5 Bc4 40. Nf4
Qd6 41. Qc8 Kf7 42. h5 Qe5 43. Qd7+ Be7 44. Bxe7 Qxe7 45. Qg4 Qf6 46. Nxd5 Qa1+
47. Kh2 Bxd5 48. Qd7+ Kf6 49. Qxd5 Qxa4 50. Qd6+ Kg7 51. Qe5+ Kh6 52. g4 Qa7
53. Qf6 Qc7+ 54. Kh3 Qc1 55. Kh2 Qd2 56. Kg3 Qc1 57. Kg2 Qd2 58. hxg6 hxg6 59.
Qh4+ Kg7 60. Qe7+ Kg8 61. Qxe4 Kg7 62. Kg3 Qd6+ 63. Qf4 Qd3+ 64. f3 Qd1 65.
Qe5+ Kh7 66. Qe7+ Kg8 67. Qc5 Kg7 68. Qe3 Qd6+ 69. f4 Qd1 70. Qe7+ Kg8 71. Kh4
Qd5 72. Qe5 Qd8+ 73. Qg5 Qd6 74. Qe5 Qd8+ 75. g5 Qd3 76. Qe6+ Kg7 77. Qh3 Qd2
78. Qf1 Qe3 79. Qa1+ Kg8 80. Qa8+ Kh7 81. Qb7+ Kg8 82. Qb8+ Kh7 83. Qb7+ Kg8
84. Qd5+ Kf8 85. Qd6+ Qe7 86. Qb8+ Kf7 87. Qb3+ Kg7 88. Qc3+ Kh7 89. Kg3 Qb7
90. Qd3 Qb6 91. Qd7+ Kg8 92. Qe8+ Kg7 93. Qe5+ Kg8 94. Kf3 Qb3+ 95. Ke4 Qa4+
96. Kd5 Qb5+ 97. Kd4 Qb6+ 98. Kd5 Qb5+ 99. Kd6 Qb6+ 100. Ke7 Qb7+ 101. Ke8 Qc8+
102. Ke7 Qb7+ 103. Ke6 Qc8+ 104. Kd6 Qa6+ 105. Kc7 Qa7+ 106. Kd8 Qa8+ 107. Kc7
Qa7+ 108. Kc8 Qa6+ 109. Kd7 Qa4+ 110. Ke7 Qa7+ 111. Ke6 Qa6+ 112. Qd6 Qc4+ 113.
Kf6 Qf7+ 114. Ke5 Qf5+ 115. Kd4 Qb1 116. Qd5+ Kg7 117. Qd7+ Kg8 118. Ke5 Qb2+
119. Qd4 Qb8+ 120. Qd6 Qb2+ 121. Ke6 Qb1 122. Qd8+ Kg7 123. Qd7+ Kh8 124. Kf6
Qb6+ 125. Kf7 Qb3+ 126. Kxg6 Qe6+ 127. Qxe6 1/2-1/2

[Event "Championnat de France - Accession"]
[Site "NANCY"]
[Date "2013.08.20"]
[Round "8.1"]
[White "Di Nicolantonio, Lucas"]
[Black "Chabanon, Jean-Luc"]
[Result "0-1"]
[WhiteElo "2310"]
[BlackElo "2473"]
[PlyCount "58"]
[EventDate "2013.??.??"]

1. e4 c5 2. Nf3 d6 3. d4 cxd4 4. Qxd4 Nc6 5. Bb5 Bd7 6. Bxc6 Bxc6 7. Nc3 Nf6 8.
Bg5 e6 9. Qd3 Be7 10. Nd4 O-O 11. O-O-O Qa5 12. f4 Rfc8 13. Kb1 Be8 14. f5 b5
15. h4 b4 16. Nce2 e5 17. Bxf6 Bxf6 18. Nb3 Qc7 19. c3 a5 20. Qxd6 Qb7 21. Qd3
Bb5 22. Qe3 Bxe2 23. Qxe2 a4 24. Nc1 bxc3 25. Rd5 cxb2 26. Nd3 a3 27. g4 h6 28.
Nc5 Qxd5 29. exd5 Rxc5 0-1

[Event "Championnat de France - Accession"]
[Site "NANCY"]
[Date "2013.08.20"]
[Round "8.2"]
[White "Roser, Kevin"]
[Black "Lazarev, Vladimir"]
[Result "1-0"]
[WhiteElo "2413"]
[BlackElo "2410"]
[PlyCount "97"]
[EventDate "2013.??.??"]

1. e4 c5 2. Nf3 Nc6 3. Nc3 e6 4. d4 cxd4 5. Nxd4 Qc7 6. f4 Nxd4 7. Qxd4 b6 8.
Nb5 Qc6 9. Qc4 Bc5 10. b4 a6 11. Nc3 Be7 12. Qxc6 dxc6 13. a3 Nf6 14. Na4 Nd7
15. Be3 b5 16. Nb6 Nxb6 17. Bxb6 Bb7 18. Bd3 O-O 19. Bc5 Rfe8 20. Kf2 a5 21.
Rhd1 e5 22. f5 Kf8 23. c3 Bxc5+ 24. bxc5 Red8 25. Ke3 Ke7 26. Be2 Ba6 27. g4 h6
28. h4 Rxd1 29. Rxd1 Bc8 30. g5 hxg5 31. hxg5 f6 32. gxf6+ gxf6 33. Rh1 Rb8 34.
Rh7+ Kd8 35. Rf7 b4 36. cxb4 axb4 37. axb4 Rxb4 38. Rxf6 Rb3+ 39. Kf2 Bd7 40.
Rh6 Rb2 41. Rh8+ Ke7 42. Rh7+ Kd8 43. f6 Be6 44. Ra7 Bc4 45. f7 Rxe2+ 46. Kf3
Bxf7 47. Kxe2 Be6 48. Rg7 Ke8 49. Kd3 1-0

[Event "Championnat de France - Accession"]
[Site "NANCY"]
[Date "2013.08.20"]
[Round "8.3"]
[White "Lagarde, Maxime"]
[Black "Mullon, Jean-Baptiste"]
[Result "1/2-1/2"]
[WhiteElo "2526"]
[BlackElo "2411"]
[Annotator "Rivier,Sylvain"]
[PlyCount "77"]
[EventDate "2013.??.??"]

1. c4 Nf6 2. Nc3 g6 3. d4 Bg7 4. g3 d5 5. cxd5 Nxd5 6. Bg2 Nxc3 7. bxc3 O-O 8.
e3 e5 9. Ba3 Re8 10. Ne2 Nc6 11. O-O Rb8 12. Qc2 Na5 13. c4 Bg4 14. d5 b6 15.
h3 Bf5 16. e4 Bd7 17. c5 Bf8 18. Rac1 Qc8 19. c6 Bxa3 20. Qa4 Bxc6 21. Qxa3 Bb5
22. Rfe1 c5 23. f4 Bxe2 24. Rxe2 Qc7 25. Rf2 Qe7 26. h4 Rbd8 27. f5 f6 28. fxg6
hxg6 29. Bh3 Kg7 30. Rcf1 Rf8 31. Be6 Rd6 32. g4 Rxe6 33. dxe6 Qxe6 34. g5 f5
35. exf5 gxf5 36. Qh3 Nc6 37. h5 Nd4 38. g6 f4 39. Qh4 {suite illisible}
1/2-1/2

[Event "Championnat de France - Accession"]
[Site "NANCY"]
[Date "2013.08.20"]
[Round "8.4"]
[White "Marzolo, Cyril"]
[Black "Barbot, Pierre"]
[Result "1/2-1/2"]
[WhiteElo "2449"]
[BlackElo "2360"]
[PlyCount "83"]
[EventDate "2013.??.??"]

1. c4 c5 2. Nc3 Nc6 3. g3 g6 4. Bg2 Bg7 5. e4 Nf6 6. Nge2 O-O 7. O-O Ne8 8. d3
Nc7 9. Be3 d6 10. d4 cxd4 11. Nxd4 Nxd4 12. Bxd4 Bxd4 13. Qxd4 e5 14. Qd2 Ne6
15. Rad1 Nd4 16. Ne2 Nxe2+ 17. Qxe2 Qb6 18. Rd2 Be6 19. Rfd1 Rfd8 20. b3 Rac8
21. h4 a5 22. h5 Kg7 23. Rd3 Rc6 24. Bf3 Qc7 25. Bg4 Qc8 26. Bxe6 Qxe6 27. Rd5
b6 28. Kg2 f6 29. Qe3 Qg4 30. f3 Qxh5 31. g4 Qg5 32. Qxg5 fxg5 33. Rxe5 dxe5
34. Rxd8 h5 35. Rd5 Kf6 36. gxh5 gxh5 37. Kg3 Re6 38. Rd7 Re7 39. Rd6+ Re6 40.
Rd7 Re7 41. Rd8 Re6 42. Rd7 1/2-1/2

[Event "Championnat de France - Accession"]
[Site "NANCY"]
[Date "2013.08.20"]
[Round "8.5"]
[White "Migot, Tangi"]
[Black "Dionisi, Thomas"]
[Result "0-1"]
[WhiteElo "2339"]
[BlackElo "2316"]
[PlyCount "48"]
[EventDate "2013.??.??"]

1. d4 g6 2. e4 Bg7 3. Nc3 c6 4. Be3 d5 5. Qd2 dxe4 6. Nxe4 Nd7 7. O-O-O Ngf6 8.
f3 Nxe4 9. fxe4 Nf6 10. e5 Nd5 11. Bh6 Bxh6 12. Qxh6 Qa5 13. Bc4 Bg4 14. Nf3
O-O-O 15. Rhf1 f6 16. h3 Bxf3 17. Rxf3 fxe5 18. Qg5 exd4 19. Rxd4 Qe1+ 20. Rd1
Qxd1+ 21. Kxd1 Nc3+ 22. Ke1 Rd1+ 23. Kf2 Ne4+ 24. Ke2 Nxg5 0-1

[Event "Championnat de France - Accession"]
[Site "NANCY"]
[Date "2013.08.20"]
[Round "8.6"]
[White "Velten, Paul"]
[Black "Brailly-Vignal, Bastien"]
[Result "1-0"]
[WhiteElo "2430"]
[BlackElo "2300"]
[PlyCount "37"]
[EventDate "2013.??.??"]

1. d4 Nf6 2. Nf3 c5 3. d5 b5 4. Bg5 Qb6 5. Bxf6 Qxf6 6. e4 Qxb2 7. Nbd2 Na6 8.
Rb1 Qxa2 9. Bxb5 Nb4 10. O-O Qa5 11. Qe2 Ba6 12. Bxa6 Qxa6 13. Nc4 Qc8 14. c3
Na6 15. e5 g6 16. Nd6+ exd6 17. exd6+ Kd8 18. Qe5 Bxd6 19. Qxd6 1-0

[Event "Championnat de France - Accession"]
[Site "NANCY"]
[Date "2013.08.20"]
[Round "8.7"]
[White "Crut, Aurelien"]
[Black "Loiseau, Quentin"]
[Result "1/2-1/2"]
[WhiteElo "2373"]
[BlackElo "2388"]
[PlyCount "69"]
[EventDate "2013.??.??"]

1. e4 e5 2. Nf3 Nc6 3. Bc4 Bc5 4. d3 d6 5. Bg5 Nge7 6. Nc3 f6 7. Be3 Bxe3 8.
fxe3 Na5 9. Bb3 Nxb3 10. axb3 O-O 11. O-O f5 12. exf5 Bxf5 13. Qe1 Qd7 14. Qg3
a6 15. e4 Be6 16. Ng5 h6 17. Nxe6 Qxe6 18. Qe3 Ng6 19. Nd5 Qd7 20. Qg3 Kh7 21.
h4 Rxf1+ 22. Rxf1 Rf8 23. Rxf8 Nxf8 24. Qf3 Kg8 25. g3 Ne6 26. Qf5 Qf7 27.
Qxf7+ Kxf7 28. b4 h5 29. Kf2 g6 30. c3 Ke8 31. Ke2 Kf7 32. Kf2 Ke8 33. Ke2 Kf8
34. Kf2 Ke8 35. Ke2 1/2-1/2

[Event "Championnat de France - Accession"]
[Site "NANCY"]
[Date "2013.08.20"]
[Round "8.8"]
[White "Moussard, Jules"]
[Black "Favarel, Antoine"]
[Result "1-0"]
[WhiteElo "2442"]
[BlackElo "2363"]
[PlyCount "87"]
[EventDate "2013.??.??"]

1. a3 e5 2. c4 Nf6 3. d3 c6 4. Nf3 Bd6 5. Nc3 Bc7 6. Bg5 d5 7. Bxf6 gxf6 8.
cxd5 cxd5 9. e4 Be6 10. Qa4+ Nc6 11. exd5 Bxd5 12. Be2 Bb6 13. O-O Be6 14. Qh4
f5 15. Qh6 Qe7 16. Rac1 Qf8 17. Qh4 Qg7 18. Na4 Bd8 19. Qh5 Qg4 20. Qxg4 fxg4
21. Rxc6 bxc6 22. Nxe5 h5 23. Nxc6 Bd7 24. Nxd8 Bxa4 25. Nb7 Rb8 26. Nc5 Bb3
27. f3 Rg8 28. fxg4 hxg4 29. Rf4 g3 30. h3 Be6 31. b4 a5 32. Re4 axb4 33. axb4
Ke7 34. Bg4 Rb6 35. Kf1 Rgb8 36. Nxe6 fxe6 37. Ke2 Rxb4 38. Rxe6+ Kf7 39. Re3
Kf6 40. Kf3 Rd8 41. Kxg3 Rbd4 42. Be2 Kf5 43. Bf3 Kg5 44. Be4 1-0